Geohazards & Remediation (Запис № 579927)

МАРК-запис
000 -LEADER
fixed length control field 02576nas a22004575i 4500
001 - CONTROL NUMBER
control field 2097-5627
003 - CONTROL NUMBER IDENTIFIER
control field DE-He213
005 - DATE AND TIME OF LATEST TRANSACTION
control field 20260304140619.0
007 - PHYSICAL DESCRIPTION FIXED FIELD--GENERAL INFORMATION
fixed length control field cr nn 008mamaa
008 - FIXED-LENGTH DATA ELEMENTS--GENERAL INFORMATION
fixed length control field 250923s||||||||si uu poo|||||| b|EN |d
022 ## - INTERNATIONAL STANDARD SERIAL NUMBER
International Standard Serial Number 2097-5627
024 7# - OTHER STANDARD IDENTIFIER
Standard number or code 44517
Source of number or code local
210 10 - ABBREVIATED TITLE
Abbreviated title Geohazards Remediat.
245 10 - TITLE STATEMENT
Title Geohazards & Remediation
Medium [electronic resource] /
Statement of responsibility, etc edited by Yu Huang, Nicola Casagli, David Tappin, Jin Sun, Ping Lu, Wuwei Mao, Xingyue Li.
264 #1 -
-- Singapore :
-- Springer Nature Singapore :
-- Imprint: Higher Education Press, co-published with Springer.
300 ## - PHYSICAL DESCRIPTION
Other physical details online resource.
520 ## - SUMMARY, ETC.
Summary, etc Geohazards & Remediation aims to establish a platform for scientists and engineers in the field of geohazards and remediation. This journal focuses on key issues of geohazards such as the mechanisms, prevention and control, risk analysis, monitoring and early warning, and emergency response, as well as post-disaster recovery and reconstruction. The journal will present advanced theoretical, experimental and field and AI-aided research on geological disasters and their remediation. The journal encourages submissions on topics including, but not limited to, mechanisms of geohazards, geohazard forecasting, geohazard mitigation, resilient disaster prevention, chains of geohazards.
650 #0 - SUBJECT ADDED ENTRY--TOPICAL TERM
Topical term or geographic name as entry element Natural disasters.
650 #0 - SUBJECT ADDED ENTRY--TOPICAL TERM
Topical term or geographic name as entry element Engineering.
9 (RLIN) 159
650 #0 - SUBJECT ADDED ENTRY--TOPICAL TERM
Topical term or geographic name as entry element Earth sciences.
650 #0 - SUBJECT ADDED ENTRY--TOPICAL TERM
Topical term or geographic name as entry element Physical geography.
650 #0 - SUBJECT ADDED ENTRY--TOPICAL TERM
Topical term or geographic name as entry element Geophysics.
650 #0 - SUBJECT ADDED ENTRY--TOPICAL TERM
Topical term or geographic name as entry element Earth sciences.
650 #0 - SUBJECT ADDED ENTRY--TOPICAL TERM
Topical term or geographic name as entry element Geography.
650 14 - SUBJECT ADDED ENTRY--TOPICAL TERM
Topical term or geographic name as entry element Natural Hazards.
650 24 - SUBJECT ADDED ENTRY--TOPICAL TERM
Topical term or geographic name as entry element Technology and Engineering.
9 (RLIN) 163
650 24 - SUBJECT ADDED ENTRY--TOPICAL TERM
Topical term or geographic name as entry element Earth Sciences.
650 24 - SUBJECT ADDED ENTRY--TOPICAL TERM
Topical term or geographic name as entry element Earth System Sciences.
650 24 - SUBJECT ADDED ENTRY--TOPICAL TERM
Topical term or geographic name as entry element Geophysics.
650 24 - SUBJECT ADDED ENTRY--TOPICAL TERM
Topical term or geographic name as entry element Earth and Environmental Sciences.
700 1# - ADDED ENTRY--PERSONAL NAME
Personal name Huang, Yu.
Relator term editor.
Relator code edt
-- http://id.loc.gov/vocabulary/relators/edt
9 (RLIN) 24056
700 1# - ADDED ENTRY--PERSONAL NAME
Personal name Casagli, Nicola.
Relator term editor.
Relator code edt
-- http://id.loc.gov/vocabulary/relators/edt
9 (RLIN) 274
700 1# - ADDED ENTRY--PERSONAL NAME
Personal name Tappin, David.
Relator term editor.
Relator code edt
-- http://id.loc.gov/vocabulary/relators/edt
9 (RLIN) 24057
700 1# - ADDED ENTRY--PERSONAL NAME
Personal name Sun, Jin.
Relator term editor.
Relator code edt
-- http://id.loc.gov/vocabulary/relators/edt
9 (RLIN) 24058
700 1# - ADDED ENTRY--PERSONAL NAME
Personal name Lu, Ping.
Relator term editor.
Relator code edt
-- http://id.loc.gov/vocabulary/relators/edt
9 (RLIN) 24059
700 1# - ADDED ENTRY--PERSONAL NAME
Personal name Mao, Wuwei.
Relator term editor.
Relator code edt
-- http://id.loc.gov/vocabulary/relators/edt
9 (RLIN) 24060
700 1# - ADDED ENTRY--PERSONAL NAME
Personal name Li, Xingyue.
Relator term editor.
Relator code edt
-- http://id.loc.gov/vocabulary/relators/edt
9 (RLIN) 24061
710 2# - ADDED ENTRY--CORPORATE NAME
Corporate name or jurisdiction name as entry element SpringerLink (Online service)
856 40 - ELECTRONIC LOCATION AND ACCESS
Uniform Resource Identifier <a href="http://link.springer.com/journal/44517">http://link.springer.com/journal/44517</a>
Public note Open Access

Немає доступних примірників.